000 01790nam2a22002651 4500
001 v19\rc\1512509
005 20250618165443.0
035 _a(NLR Aleph) 004636974
090 _a3242897
_c3242897
100 _a20060620d1884 |||y0rusy50 ca
101 1 _arus
_cger
102 _aRU
105 _ay z |||||
200 0 _a[Вып. 1]
210 _d1884
_aБ. м.
215 _a[4], VIII, 198 с.
461 0 _1001v19\rc\1512508
_12001#$aОбщее австрийское гражданское уложение с извлечениями из последовавших к нему, дополнительных узаконений в русском переводе и кратким комментарием, составленным по Кирхштеттеру$fПер. [снабдил предисл.] и комментировал канд. прав С.-Петерб. ун-та В.А. Сумовский. [Вып. 1]-$v[Вып. 1]
_1700#1$aСумовский$bВ.А.
_93242888
_aСумовский, В.А.
_cКиев
_d1884
_fПер. [снабдил предисл.] и комментировал канд. прав С.-Петерб. ун-та В.А. Сумовский. [Вып. 1]-
_nтип. И. и А. Давиденко
_tОбщее австрийское гражданское уложение с извлечениями из последовавших к нему, дополнительных узаконений в русском переводе и кратким комментарием, составленным по Кирхштеттеру
_v[Вып. 1]
801 0 _aRU
_bNLR
_gpsbo
801 0 _aRU
_bRuMoRGB
_2psbo
801 1 _aRU
_bProSoft-M
_2rusmarc
852 _aNLR
_j18.167.4.72
899 _aRuMoRGB
_jT 27/448
899 _aНБ МГУ
942 _cBOOK
980 _aNB